| 000 | 01601nam a22003015i 4500 | ||
|---|---|---|---|
| 001 | 181562 | ||
| 003 | ES-MaACL | ||
| 005 | 20230906221410.0 | ||
| 008 | 130212s1892 it |||| | ita d | ||
| 040 |
_aCAM _bspa _cCAM |
||
| 080 | _a910.4(7/8)"14" | ||
| 080 | _a929 Colón, Cristóbal | ||
| 100 | 1 |
_aBertelli, Timoteo. _928434 |
|
| 245 | 1 | 3 |
_aLa Declinazione magnetica e la sua variazione nello spazio scoperte da Cristoforo Colombo / _cper Timoteo Bertelli. Notizia delle più antiche carte geografiche che si trovano in Italia riguardanti l'America / per Vittore Bellio. |
| 260 |
_aRoma : _bAuspice il Ministeo della Pubblica Istruzione, _c1892. |
||
| 300 |
_a221 p., [7] h. pleg. ; _c40 cm. |
||
| 490 | 1 |
_aRaccolta di documenti e studi pubblicati dalla R. Commissione Colombiana pel quarto centenario dalla scoperta dell' America ; _vParte IV, Vol. II |
|
| 530 | _aDisponible también en sitio web. | ||
| 600 | 1 | 4 |
_aColón, Cristóbal. _939869 |
| 650 | 4 |
_aMagenetismo terrestre. _9152255 |
|
| 651 | 4 |
_aAmérica- _xDescubrimientos y exploraciones. _97694 |
|
| 700 | 1 |
_aBellio, Vittore. _9152249 |
|
| 710 | 2 |
_aCommissione Colombiana pel Quarto Centenario dalla Scoperta dell'America. _9134285 |
|
| 830 | 0 |
_aRaccolta di documenti e studi pubblicati dalla R. Commissione Colombiana pel quarto centenario dalla scoperta dell' America ; _vParte IV, Vol. II _9191485 |
|
| 852 |
_aES-MaACL _jG-358 _z.- Enc. pasta española |
||
| 856 |
_uhttp://bibliotecadigitalhispanica.bne.es:80/webclient/DeliveryManager?pid=2682254&custom_att_2=simple_viewer _zIr a la página |
||
| 999 |
_c181562 _d181562 |
||